Sports Quiz

Random Sports Quiz

New York Giants starters of 2007 Quiz Stats

 Plays Quiz not verified by Sporcle

Challenge
Share
Tweet
Embed
Score 0/22 Timer 10:00
0 Plays Today
% Correct
Eli Manning
100%
Brandon Jacobs
92.2%
Madison Hedgecock
59.4%
Plaxico Burress
55.8%
Amani Toomer
51%
Jeremy Shockey
43.3%
Chris Snee
34.9%
Michael Strahan
34%
Shaun Ohara
33.4%
Kareem McKenzie
29.3%
David Diehl
28.4%
% Correct
Osi Umenyiora
26.6%
Antonio Pierce
24.2%
Fred Robbins
23.6%
Rich Seubert
23.3%
Barry Cofield
21.2%
Aaron Ross
20.9%
Kawika Mitchell
20%
Sam Madison
16.7%
Gibril Wilson
14%
Mathias Kiwanuka
13.4%
James Butler
11.6%

You're not logged in!

Compare scores with friends on all Sporcle quizzes.
OR
Log In

You Might Also Like...

Show Comments

Extras

Created Dec 11, 2009SourceReportNominate
Tags:2007, giant, New York, starter

Top Quizzes Today


Score Distribution

Your Account Isn't Verified!

In order to create a playlist on Sporcle, you need to verify the email address you used during registration. Go to your Sporcle Settings to finish the process.

Report this User

Report this user for behavior that violates our Community Guidelines.

Details: